Drapeaux tricolores verticale - Statistiques

Statistiques générales
  • Ce quiz a été pris 110 fois
  • Le résultat moyen est 10 sur 11
Statistiques - réponses
Par images Réponse % Correct
France
100%
Italie
100%
Belgique
99%
Roumanie
99%
Irlande
98%
Côte d'ivoire
92%
Nigeria
92%
Pérou
86%
Mali
75%
Tchad
73%
Guinée
55%
Aucun quiz correspondant
Distribution des résultats
% des personnes avec chaque résultat
Percentile par nombre de réponses
Votre historique - résultats
Vous n’avez pas pris ce quiz